[Event "Novokuznetsk Spring op"]
[Site "Novokuznetsk"]
[Date "2012.??.??"]
[Round "2"]
[White "Nechaev, Evgeniy A"]
[Black "Anokhin, Viktor T"]
[Result "1-0"]
[WhiteElo "2046"]
[BlackElo "2077"]
[PlyCount "83"]
[EventDate "2012.04.04"]
[EventType "swiss"]
[EventRounds "9"]
[EventCountry "RUS"]
[SourceTitle "CBM 148 Extra"]
[Source "ChessBase"]
[SourceDate "2012.06.22"]
[SourceVersion "1"]
[SourceVersionDate "2012.06.22"]
[SourceQuality "1"]

1. d4 c5 2. d5 d6 3. c4 e5 4. Nc3 f5 5. g3 Nf6 6. Bg2 Be7 7. Nf3 Na6 8. 0-0 0-0 9. Bg5 Nc7 10. Bxf6 Rxf6 11. e4 f4 12. Qd3 Rh6 13. gxf4 exf4 14. e5 dxe5 15. Nxe5 Bd6 16. Rae1 Bd7 17. Nxd7 Qxd7 18. f3 b6 19. Re4 a6 20. Rfe1 Qf7 21. Qe2 Qh5 22. Bf1 Rf8 23. Kh1 Rf5 24. Qf2 Qf7 25. R1e2 Rfh5 26. Qe1 Rh4 27. Rf2 Qh5 28. Qe2 Qf7 29. Rg2 Rf6 30. Nd1 Rf5 31. Nf2 h5 32. Nd3 Qf6 33. Qe1 g5 34. Qxh4 Qg6 35. Nxf4 Bxf4 36. Rxf4 Re5 37. Re4 Rf5 38. Bd3 Kh8 39. Qg3 Qg7 40. Re1 h4 41. Qg4 Re5 42. Qc8+ 1-0